[Event "It"]
[Site "masterchessopen.com Barcelona (Spain)"]
[Round "0"]
[White "Romanishin Oleg M (UKR)"]
[Black "Tal Mikhail N (LAT)"]
[Result "1-0"]
[WhiteElo "2555"]
[BlackElo "2520"]

1.d4 Nf6 2.Nf3 d5 3.c4 e6 4.g3 Bb4+ 5.Bd2 Be7 6.Bg2 O-O 7.O-O Nbd7 8.Qb3 c6
9.Rc1 Qb6 10.Qc2 c5 11.dxc5 Bxc5 12.e3 dxc4 13.Na3 Nd5 14.Nxc4 Qc7 15.Ng5 g6
16.Qe4 N7f6 17.Qh4 Qe7 18.Qh6 Rd8 19.Ne5 Nf4 20.gxf4 Rxd2 21.Ng4 Bb6 22.Nxf6+
Qxf6 23.Qxh7+ Kf8 24.Ne4 Qxb2 25.Nxd2 {#r} 1-0

[Event "It"]
[Site "masterchessopen.com Altensteig (Germany)"]
[Round "7"]
[White "Bischoff Klaus (GER)"]
[Black "Stangl Markus (GER)"]
[Result "1-0"]
[WhiteElo "2515"]
[BlackElo "2525"]

1.d4 d5 2.c4 e6 3.Nf3 Nf6 4.g3 Bb4+ 5.Bd2 Be7 6.Bg2 O-O 7.O-O Nbd7 8.Qc2 c6
9.Rd1 b6 10.Bf4 Bb7 11.Nc3 Nh5 12.Bc1 f5 13.b3 Ba6 14.Bb2 Bd6 15.e3 Qe7 16.Ne2
g5 17.Nc1 Rac8 18.Nd3 Qg7 19.a4 Bb8 20.a5 Bb7 21.a6 Ba8 22.b4 dxc4 23.Qxc4 Qe7
24.Nfe5 Bxe5 25.Nxe5 Nxe5 26.dxe5 c5 27.Bxa8 Rxa8 28.bxc5 bxc5 29.Rd6 Ng7
30.Qxc5 f4 31.exf4 gxf4 32.Rc6 Qg5 33.Rd1 h5 34.Rd7 h4 35.Qe7 Qg6 36.Qxh4 Rab8
37.Bc1 Rb1 38.Rcc7 Ne8 39.Rc4 Rf5 40.Rc8 Rf8 41.Rxa7 Qe4 42.Qg4+ Kh8 43.Qh3+
Kg8 44.Qxe6+ Kh8 45.Qh3+ Kg8 46.Qg4+ Kh8 47.Qxf4 {#r} 1-0

[Event "It"]
[Site "masterchessopen.com Altensteig (Germany)"]
[Round "3"]
[White "Zueger Beat (SUI)"]
[Black "Boensch Uwe (GER)"]
[Result "1-0"]
[WhiteElo "2395"]
[BlackElo "2525"]

1.c4 e6 2.Nf3 d5 3.d4 Nf6 4.g3 Bb4+ 5.Bd2 Be7 6.Bg2 O-O 7.O-O Nbd7 8.Qc2 c6
9.Bg5 b6 10.Nbd2 Ba6 11.Rac1 b5 12.c5 b4 13.Rfe1 Bb5 14.e4 dxe4 15.Nxe4 Nxe4
16.Bxe7 Qxe7 17.Qxe4 a5 18.d5 cxd5 19.Qxd5 Qf6 20.Qd6 Rad8 21.Ne5 Nxe5 22.Qxe5
Rd2 23.Qxf6 gxf6 24.c6 Rxb2 25.c7 Ba6 26.Bf1 Bb7 27.Re2 Rxe2 28.Bxe2 a4 29.Bf3
Bc8 30.Rc4 Re8 31.Bc6 Re7 32.Bxa4 e5 33.f3 f5 34.Kf2 f6 35.Bc2 h5 36.h3 Rg7
37.Bd3 Kf8 38.Bxf5 Bxf5 39.c8=Q+ Bxc8 40.Rxc8+ Kf7 41.Rc7+ Kg6 42.Rxg7+ Kxg7
43.Ke3 h4 44.gxh4 f5 45.Kd3 Kg6 46.Kc4 Kh5 47.Kd5 e4 48.fxe4 f4 49.e5 f3 50.e6
f2 51.e7 f1=Q 52.e8=Q+ Kxh4 53.Qe6 Qd3+ 54.Kc5 Qc3+ 55.Kb5 Kg3 56.Qg4+ Kh2
57.Qe6 Kg3 58.Qb3 Kxh3 59.Ka4 Kg3 60.Qxb4 Qc6+ 61.Kb3 Qd5+ 62.Kb2 Qe5+ 63.Kb3
Qe6+ 64.Qc4 Qb6+ 65.Kc3 Qf6+ 66.Qd4 Qc6+ 67.Kb4 Qb7+ 68.Kc3 Qc6+ 69.Kd3 Qa6+
70.Qc4 Qg6+ 71.Kd2 Qg5+ 72.Kc2 Qf4 73.Kb3 Qb8+ 74.Qb4 Qg8+ 75.Kb2 Kh2 76.a4
Qg2+ 77.Kb3 Qd5+ 78.Qc4 Qb7+ 79.Ka3 Qf3+ 80.Qb3 Qf8+ 81.Ka2 Qd8 82.Qc3 Qd5+
83.Ka3 Qd6+ 84.Kb2 Qb6+ 85.Ka1 Qg1+ 86.Ka2 Qg8+ 87.Kb2 Qb8+ 88.Kc1 Qa8 89.a5
Qh1+ 90.Kb2 Qb7+ 91.Qb3 Qa6 92.Qb8+ Kh3 93.Qh8+ Kg4 94.Qe5 Kh4 95.Qd4+ Kh3
96.Qd5 Kg3 97.Kc3 Qf6+ 98.Qd4 Qc6+ 99.Qc4 Qf6+ 100.Kb3 Qd6 101.Kc2 Qf8 102.a6
Qf2+ 103.Kb3 Qb6+ 104.Ka4 Kh2 105.Qb5 Qd4+ 106.Qb4 Qd7+ 107.Ka5 Qd8+ 108.Qb6
Qd5+ 109.Kb4 Qe4+ 110.Kc5 Qe5+ 111.Kc6 Qe4+ 112.Kd7 Qh7+ 113.Kc8 Qf5+ 114.Kb7
Qe4+ 115.Ka7 Qd5 116.Qb7 Qc5+ 117.Ka8 Kh3 118.Qd7+ Kh4 119.Qd8+ Kh3 {#r} 1-0

[Event "It"]
[Site "masterchessopen.com Podgorica (Yugoslavia)"]
[Round "2"]
[White "Abramovic Bosko (SRB)"]
[Black "Makarov Marat (RUS)"]
[Result "0-1"]
[WhiteElo "2460"]
[BlackElo "2515"]

1.Nf3 Nf6 2.d4 d5 3.c4 e6 4.g3 Bb4+ 5.Bd2 a5 6.a3 Be7 7.Bg2 O-O 8.Qc2 c6 9.O-O
Nbd7 10.Bf4 Nh5 11.Bc1 b6 12.Nbd2 Bb7 13.e4 c5 14.cxd5 exd5 15.e5 g6 16.Re1
Ng7 17.Nf1 Re8 18.h4 cxd4 19.Bf4 Ne6 20.Bh6 Ndc5 21.Rad1 d3 22.Qb1 a4 23.Bd2
d4 24.Bb4 Ra7 25.N1d2 Qa8 26.Rf1 Nd7 27.Bxe7 Rxe7 28.Qxd3 Nxe5 29.Nxe5 Bxg2
30.Rfe1 Bd5 31.Ne4 Bxe4 32.Qxe4 Qxe4 33.Rxe4 Nc5 34.Ree1 Nb3 35.Kf1 Rac7
36.Nd3 Kf8 37.Rxe7 Kxe7 38.Nb4 Kd6 39.Ke2 Re7+ 40.Kd3 f5 41.h5 g5 42.h6 Re4
43.Kc4 Re2 44.Nd3 Rc2+ 45.Kb5 Nc5 46.Nb4 Rxf2 47.Rxd4+ Ke6 48.Kxb6 Ne4 49.Nd3
Rd2 50.Kc6 Kf6 51.Kd5 Nxg3 52.Nc5 Rxb2 53.Rxa4 Rd2+ 54.Rd4 Re2 55.a4 f4 56.a5
f3 57.Rd3 f2 58.Rf3+ Kg6 {#R} 0-1

[Event "It"]
[Site "masterchessopen.com Ptuj (Slovenia)"]
[Round "0"]
[White "Tratar Marko (SLO)"]
[Black "Brglez Rado (SLO)"]
[Result "0-1"]
[WhiteElo "2450"]
[BlackElo "2260"]

1.Nf3 Nf6 2.c4 e6 3.g3 d5 4.d4 Bb4+ 5.Bd2 Be7 6.Bg2 c6 7.Qc2 O-O 8.O-O b6
9.Bf4 Bb7 10.Ne5 Nfd7 11.Nd3 Na6 12.a3 Rc8 13.Nd2 Bf6 14.cxd5 exd5 15.Nf3 c5
16.Qa4 cxd4 17.b4 Rc4 18.Nd2 Rc3 19.Bh3 Ndb8 20.b5 Nc5 21.Qxa7 Nbd7 22.Bxd7
Qxd7 23.Qxb6 Rc8 24.a4 Ne4 25.Nxe4 dxe4 26.Ne5 Qd5 27.Rad1 d3 28.exd3 exd3
29.f3 Bxe5 30.Bxe5 Qxe5 31.Qxb7 Qe3+ 32.Kh1 Rc2 33.Qe4 Qe2 {#R} 0-1

[Event "It"]
[Site "masterchessopen.com Cala d'Or (Spain)"]
[Date "2004.09.15"]
[Round "3"]
[White "Mascaro March Pedro (ESP)"]
[Black "Kalinitschew Sergey (GER)"]
[Result "1-0"]
[WhiteElo "2323"]
[BlackElo "2533"]

1.d4 Nf6 2.c4 e6 3.g3 d5 4.Nf3 Bb4+ 5.Bd2 a5 6.Bg2 Nc6 7.Qc2 dxc4 8.Qxc4 Qd5
9.Qxd5 exd5 10.Nc3 Bg4 11.Nb5 O-O-O 12.Rc1 Rhe8 13.Bxb4 axb4 14.e3 Rd7 15.O-O
Kb8 16.a3 bxa3 17.bxa3 Bxf3 18.Bxf3 Na5 19.Be2 Ne4 20.Rc2 c6 21.Nc3 Nxc3
22.Rxc3 Kc7 23.Rb1 Ra8 24.Bd3 Re7 25.Rb4 Kd6 26.Rb6 h6 27.h4 Kc7 28.Rb4 Kd6
29.Rb6 g5 30.hxg5 hxg5 31.Kg2 g4 32.Rb4 Ke6 33.Rc5 Kd6 34.Kf1 Ree8 35.Rc3 Rh8
36.Bf5 Rhg8 37.Bd3 Kc7 38.e4 dxe4 39.Bxe4 Rae8 40.d5 Rg5 41.Rc5 Rge5 42.Rxa5
Rxe4 43.dxc6 Kxc6 44.Rf5 Rxb4 45.axb4 Re4 46.b5+ Kb6 47.Rxf7 Re5 48.Rg7 Rxb5
49.Rxg4 Rd5 50.Rb4+ Kc6 51.f4 b5 52.Ke2 Kc5 53.Rb1 b4 54.g4 Kc4 55.Rc1+ Kb3
56.g5 Ka2 57.g6 b3 58.g7 Rd8 59.Rc7 b2 60.Ra7+ Kb3 61.Rb7+ Kc2 62.f5 Re8+
63.Kf3 Rg8 64.f6 b1=Q 65.Rxb1 Kxb1 66.Ke4 Kc2 67.Kf5 Kd3 68.Kg6 {#r} 1-0

[Event "It"]
[Site "masterchessopen.com Mukachevo (Ukraine)"]
[Date "2009.02.24"]
[Round "2"]
[White "Kristofori Attila (UKR)"]
[Black "Molnar Peter (SVK)"]
[Result "1-0"]
[WhiteElo "2014"]
[BlackElo "2264"]

1.d4 Nf6 2.Nf3 e6 3.c4 d5 4.g3 Bb4+ 5.Bd2 Be7 6.Bg2 O-O 7.Qc2 c6 8.O-O Nbd7
9.Bf4 b6 10.Nbd2 Ba6 11.b3 Rc8 12.Rad1 Nh5 13.e4 Nxf4 14.gxf4 c5 15.dxc5 Bxc5
16.exd5 exd5 17.Ng5 Nf6 18.Bxd5 h6 19.Ne6 fxe6 20.Bxe6+ Kh8 21.Nf3 Qe8 22.Rfe1
Qh5 23.Ne5 g5 24.Bxc8 Rxc8 25.Qf5 Kg7 26.h4 gxh4 27.Rd7+ {#r} 1-0

[Event "It (KO-system) (active)"]
[Site "masterchessopen.com Niksic (Montenegro)"]
[Date "2008.08.21"]
[Round "1"]
[White "Blagojevic Dragisa (MNE)"]
[Black "Ivanisevic Ivan (SRB)"]
[Result "0-1"]
[WhiteElo "2522"]
[BlackElo "2658"]

1.d4 d5 2.c4 e6 3.Nf3 Nf6 4.g3 Bb4+ 5.Bd2 a5 6.Qc2 c5 7.Bg2 O-O 8.cxd5 cxd4
9.Nxd4 Qb6 10.e3 exd5 11.Nc3 Nc6 12.Nxc6 bxc6 13.O-O Bg4 14.Rfc1 Rfc8 15.Na4
Qb5 16.Nc5 Bh5 17.a4 Qb8 18.Bxb4 axb4 19.a5 Bg6 20.Qa4 h5 21.a6 Ng4 22.a7 Qc7
23.b3 Qe7 24.h3 Ne5 25.Qxb4 Rxa7 26.Rxa7 Qxa7 27.Qd4 Re8 28.Ne6 Qb8 29.Nc5 Bf5
30.b4 Bxh3 31.Nd3 Bxg2 32.Nxe5 Rxe5 33.Kxg2 Re4 34.Qc5 Re6 35.Rb1 h4 36.gxh4
Rg6+ 37.Kf1 Qh2 38.Ke2 Rf6 39.Rf1 Qxh4 40.Qd4 Qh3 41.Rg1 Qf3+ 42.Kd3 Qxf2
43.Qg4 g6 44.Rh1 Re6 45.Qh3 Qb2 46.Qh7+ Kf8 47.Qh8+ {#R} 0-1

[Event "It (a) (open)"]
[Site "masterchessopen.com Kostroma (Russia)"]
[Round "4"]
[White "Tarasov Valery (RUS)"]
[Black "Bezgodova Tatiana (RUS)"]
[Result "1-0"]
[WhiteElo "1940"]
[BlackElo "1521"]

1.d4 Nf6 2.Nf3 d5 3.c4 e6 4.g3 Bb4+ 5.Bd2 Bxd2+ 6.Nbxd2 O-O 7.Bg2 Re8 8.O-O
Nbd7 9.Qc2 Nf8 10.e4 dxe4 11.Nxe4 Ng6 12.Rad1 Bd7 13.Ne5 Nxe4 14.Bxe4 c6 15.h4
f5 16.Bg2 Qc7 17.f4 Rad8 18.c5 Bc8 19.Nc4 Nh8 20.Rfe1 Nf7 21.Qa4 b5 22.cxb6
axb6 23.Qxc6 Qxc6 24.Bxc6 Re7 25.Nxb6 Rc7 26.Nxc8 Rxc6 27.Ne7+ Kf8 28.Nxc6
{#r} 1-0

[Event "It (active)"]
[Site "masterchessopen.com Liepaya (Latvia)"]
[Date "2006.08.04"]
[Round "1"]
[White "Rausis Igors (CZE)"]
[Black "Ehlvest Jaan (USA)"]
[Result "0-1"]
[WhiteElo "2521"]
[BlackElo "2597"]

{ Rausis Igors (BAN) +0 =5 -1 } 1.Nf3 d5 2.d4 e6 3.c4 Nf6 4.g3 Bb4+ 5.Bd2 Be7
6.Bg2 c6 7.Qc2 O-O 8.O-O b6 9.b3 Ba6 10.Rd1 Nbd7 11.Bf4 Rc8 12.Nc3 { = }
12...Qe8 ( 12...Nh5 13.Bc1 Nhf6 14.Bf4 Nh5 15.Bc1 Nhf6 16.Bf4 Re8 17.e4 dxc4
18.bxc4 Bxc4 19.Nd2 Ba6 20.Qa4 Bd3 21.Ndb1 b5 22.Qxa7 e5 23.Rxd3 exf4 24.Rd1
b4 25.e5 bxc3 26.Nxc3 Bb4 27.Rdc1 Bxc3 28.Rxc3 Nd5 29.Rc2 Ra8 30.Qb7 Rb8
31.Qa7 Re7 32.Qa3 { ...1/2-1/2, Gelfand Boris 2723 - Ivanchuk Vassily 2729 ,
Wijk aan Zee 28. 1.2006 It (cat.19) } ) 13.e4 dxc4 14.Qe2 { -0.48 CAP } (
14.Nd2 e5 15.dxe5 Ng4 16.Nxc4 Bxc4 17.bxc4 Bc5 18.Rd2 Ndxe5 19.h3 Nf6 20.Na4
Bb4 21.Rdd1 Nfd7 22.a3 Be7 23.Be3 b5 24.Nb2 Nb6 25.c5 Nbc4 26.Nxc4 Nxc4 27.Bd4
Rd8 28.e5 f6 29.e6 f5 30.Qc3 Bf6 31.Bxf6 Rxd1+ 32.Rxd1 Rxf6 33.Rd7 Qxe6 {
...1-0, Nyback Tomi 2563 - San Segundo Carrillo Pablo 2522 , Goteborg 3.
8.2005 Ch Europe (team) } ) ( 14.Re1 Qd8 { +0.00 CAP } ) 14...b5 { N } (
14...Bb4 15.Bd2 e5 16.a3 Bd6 17.Bc1 exd4 18.Nxd4 Be5 19.Rb1 c5 20.Ndb5 cxb3
21.Rxb3 Nb8 22.f4 Bxc3 { 0-1, Landgren Andreas 2198 - Lindberg Bengt 2422 ,
Stockholm 2003 Cup Rilton } ) 15.bxc4 bxc4 16.Rab1 h6 17.Qc2 Nb6 18.a4 Nbd7
19.Bf1 Nh5 20.Be3 f5 21.exf5 exf5 22.Qa2 f4 23.Bxc4+ Bxc4 24.Qxc4+ Kh8 25.gxf4
Nxf4 26.Kh1 Qh5 27.Ng1 Bd6 28.Ne4 Nb6 29.Qf1 Rce8 30.Nxd6 Qd5+ 31.f3 Rxe3
32.a5 Qxd6 33.axb6 axb6 34.Rxb6 Qd5 35.Re1 Rc3 36.Rd1 { ? } ( { ? } 36.Re4 c5
37.Rb5 Ne6 38.Re5 Qd6 39.Qe1 Rc2 40.dxc5 { } ) 36...Rc2 37.Qe1 Rxh2+ 38.Kxh2
Qh5+ 39.Kg3 Qg5+ 40.Kf2 Qg2+ 41.Ke3 { } {#R} 0-1

[Event "It (active)"]
[Site "masterchessopen.com Pardubice (Czech Republic)"]
[Date "2008.07.17"]
[Round "7"]
[White "Buhmann Rainer (GER)"]
[Black "Laznicka Viktor (CZE)"]
[Result "1-0"]
[WhiteElo "2541"]
[BlackElo "2591"]

1.Nf3 Nf6 2.c4 e6 3.g3 d5 4.d4 Bb4+ 5.Bd2 Be7 6.Bg2 O-O 7.Qc2 c6 8.O-O b6
9.Bf4 Nbd7 10.Rd1 Bb7 11.b3 c5 12.cxd5 Nxd5 13.Nc3 Nxf4 14.gxf4 Nf6 15.dxc5
Qc7 16.Nb5 Qxc5 17.Qxc5 Bxc5 18.Ne5 Bxg2 19.Kxg2 Nd5 20.e3 a6 21.Nd4 Nc3
22.Rd3 Bxd4 23.Rxd4 Rfd8 24.Rxd8+ Rxd8 25.Rc1 Nxa2 26.Rc6 f6 27.Nf3 Rb8
28.Rxe6 Rb7 29.Nd4 Kf7 30.Rc6 Nb4 31.Rc8 Rd7 32.Rb8 b5 33.h4 h5 34.f5 g6
35.Rh8 Kg7 36.Ra8 gxf5 37.Nxf5+ Kg6 38.Nd4 Rd6 39.Ra7 Nd5 40.Kf3 Nc3 41.Ra8
Nd5 42.Ne2 Kf7 43.Ra7+ Kg8 44.Ng3 Nb4 45.Nxh5 Nc6 46.Rc7 Na5 47.Nf4 Nxb3 48.h5
f5 49.Ng6 Nd2+ 50.Kf4 Nc4 51.Kg5 Ne5 52.Nxe5 {#r} 1-0

[Event "It (b)"]
[Site "masterchessopen.com Selfoss (Iceland)"]
[Round "8"]
[White "Pedersen Steffen (DEN)"]
[Black "Karlsson Agust S (ISL)"]
[Result "0-1"]
[WhiteElo "2441"]
[BlackElo "2338"]

1.d4 d5 2.c4 e6 3.Nf3 Nf6 4.g3 c6 5.Bg2 Bb4+ 6.Bd2 Be7 7.Qc2 O-O 8.O-O b6 9.b3
Ba6 10.Rd1 Nbd7 11.Bf4 Rc8 12.Nc3 b5 13.c5 b4 14.Nb1 Bb5 15.a4 bxa3 16.Nxa3 a6
17.Nxb5 axb5 18.Ra7 Ne8 19.b4 h6 20.h4 g5 21.hxg5 hxg5 22.Be5 Ra8 23.Rda1 Rxa7
24.Rxa7 Bf6 25.Bxf6 Nexf6 26.Nxg5 Kg7 27.Bh3 Qb8 28.Rxd7 Nxd7 29.Qh7+ Kf6
30.Bxe6 fxe6 31.Qh6+ Kf5 32.Nf3 Qd8 33.g4+ Kxg4 34.Qg6+ Kf4 35.Kg2 Rf5 36.Qg3+
Ke4 37.Nd2+ {#R} 0-1

[Event "It (blitz) (qual)"]
[Site "masterchessopen.com Internet"]
[Date "2004.06.01"]
[Round "11"]
[White "Gustafsson Jan (GER)"]
[Black "Skripchenko Almira (FRA)"]
[Result "1-0"]
[WhiteElo "2603"]
[BlackElo "2474"]

1.Nf3 d5 2.d4 Nf6 3.c4 e6 4.g3 Bb4+ 5.Bd2 Bxd2+ 6.Nbxd2 c5 7.dxc5 Nc6 8.Bg2
Qa5 9.O-O Qxc5 10.cxd5 exd5 11.Nb3 Qe7 12.Rc1 O-O 13.Nfd4 Bg4 14.h3 Bd7 15.Re1
Rfe8 16.Nc5 Bc8 17.Nxc6 bxc6 18.Qd4 a5 19.b3 Rb8 20.Nd3 Ba6 21.Rxc6 Bb5
22.Rcc1 a4 23.Nf4 axb3 24.axb3 Red8 25.Rc5 Ba6 26.Nxd5 Nxd5 27.Rxd5 Bxe2
28.Rxd8+ Rxd8 29.Rxe2 {#r} 1-0

[Event "It (c)"]
[Site "masterchessopen.com Budapest (Hungary)"]
[Round "3"]
[White "Todor Razvan (AUT)"]
[Black "Stummer Anton (AUT)"]
[Result "0-1"]
[WhiteElo "2165"]
[BlackElo "2325"]

1.c4 Nf6 2.Nf3 e6 3.g3 d5 4.d4 Bb4+ 5.Bd2 Be7 6.Nc3 O-O 7.cxd5 exd5 8.Qc2 Nc6
9.a3 Bg4 10.Be3 Bh5 11.b4 Re8 12.Ne5 Bd6 13.Nxc6 bxc6 14.Qd2 a5 15.b5 Qe7
16.Qc1 c5 17.Ra2 cxd4 18.Bxd4 Bc5 19.Bxc5 Qxc5 20.Rc2 Ng4 21.Nd1 Qxb5 22.Rc5
Qb6 23.Rxd5 Nxf2 24.Qc5 Nd3+ {#R} 0-1

[Event "It (cat.10)"]
[Site "masterchessopen.com Schoeneck (Germany)"]
[Round "6"]
[White "Kachiani-G Ketino (GER)"]
[Black "Stern Rene (GER)"]
[Result "0-1"]
[WhiteElo "2415"]
[BlackElo "2450"]

1.d4 d5 2.c4 e6 3.Nf3 Nf6 4.g3 Bb4+ 5.Bd2 Be7 6.Bg2 O-O 7.O-O Nbd7 8.Qb3 c6
9.Nc3 b6 10.Rac1 Bb7 11.cxd5 cxd5 12.Bf4 Nh5 13.Be5 f6 14.Bc7 Qxc7 15.Nxd5 Qd6
16.Nxe7+ Qxe7 17.Rc7 Bd5 18.Qb5 Rad8 19.Rxa7 g6 20.Rc1 Ng7 21.Nd2 Bxg2 22.Kxg2
Rf7 23.Rc6 Qe8 24.Rcc7 Ne5 25.Qxb6 Rb8 26.Qc5 Rxc7 27.Rxc7 Nd7 28.Qa7 Ra8
29.Qb7 Rb8 30.Qc6 Nf8 31.Qc3 Qb5 32.Ne4 Ne8 33.Rc8 f5 34.Rxe8 Rxe8 35.Nf6+ Kf7
36.Nxe8 Kxe8 37.a3 Qxe2 38.Qc6+ Ke7 39.Qc5+ Ke8 40.Qc6+ Nd7 41.b4 Qe4+ 42.Qxe4
fxe4 43.a4 Nf6 44.a5 Kd7 45.b5 Kd6 46.Kh3 Kd5 47.b6 Nd7 48.Kg4 h6 49.h4 Kxd4
50.b7 Nb8 51.Kf4 Na6 {#R} 0-1

[Event "It (cat.10)"]
[Site "masterchessopen.com Gyumri (Armenia)"]
[Date "2008.04.27"]
[Round "3"]
[White "Melkumyan Hrant (ARM)"]
[Black "Gelashvili Tamaz (GEO)"]
[Result "0-1"]
[WhiteElo "2541"]
[BlackElo "2615"]

{ Melkumyan Hrant (ARM) +1 =2 -1 Gelashvili Tamaz (GEO) +5 =4 -1 } 1.d4 Nf6
2.c4 e6 3.Nf3 d5 4.g3 Bb4+ 5.Bd2 Be7 6.Bg2 c6 ( 6...O-O 7.O-O c6 8.Qc2 b6
9.Rd1 Bb7 10.b3 Nbd7 11.Nc3 Rc8 12.e4 c5 13.exd5 exd5 14.Bf4 Re8 15.dxc5 dxc4
16.b4 a5 17.a3 axb4 18.axb4 bxc5 19.b5 Ra8 20.Rab1 Ra3 21.Ne5 Bxg2 22.Kxg2
Qa8+ 23.Nc6 Nb6 24.Kg1 Nfd7 25.Bc1 Rb3 26.Rxb3 { ...0-1, Cvitan Ognjen 2511 -
Gelashvili Tamaz 2531 , Batumi 1999 Ch Europe (team) } ) 7.Qb3 O-O 8.O-O b6
9.Bf4 ( 9.Nc3 Nbd7 10.Rac1 Bb7 11.cxd5 cxd5 12.Rc2 Rc8 13.Rfc1 a6 14.a4 Rc4
15.Nb1 Rxc2 16.Rxc2 Qb8 17.a5 Rc8 18.axb6 Rxc2 19.Qxc2 Nxb6 20.Ne5 Qc8 21.Qb3
Nfd7 22.Nxd7 Nxd7 23.Ba5 Qc1+ 24.Bf1 Bc6 25.Nc3 h6 26.e3 e5 27.dxe5 Bf8 28.Ne2
Qa1 { ...1-0, Shirov Alexei 2739 - Almasi Zoltan 2691 , Kemer 9.10.2007 Cup
European Club } ) 9...Nbd7 ( 9...Ba6 10.Nbd2 Nbd7 11.Rfe1 c5 12.Rad1 Bb7
13.dxc5 Nxc5 14.Qc2 Rc8 15.Qb1 h6 16.Be5 Ncd7 17.cxd5 Nxe5 18.Nxe5 Nxd5 19.Nd3
Qc7 20.Rc1 Qb8 21.Nf3 Rxc1 22.Rxc1 Rc8 23.Nfe5 Rc7 24.Rd1 Bd6 25.Nf3 Rc8
26.Nd4 Rc4 27.e3 a6 28.Ne2 Be7 29.Ne1 { ...0-1, Gutman Lev 2533 - Graf
Alexander 2642 , Heringsdorf 2000 Ch Germany } ) ( 9...Bb7 10.Rd1 Ne4 11.Nc3
Nxc3 12.Qxc3 Nd7 13.Rac1 Rc8 14.Qd3 Ba6 15.h3 c5 16.dxc5 bxc5 17.h4 Qb6 18.Qc2
d4 19.e3 Bb7 20.exd4 Bxf3 21.Bxf3 cxd4 22.Qe4 Rcd8 23.Qxd4 Qxd4 24.Rxd4 e5
25.Rxd7 Rxd7 26.Bxe5 Bc5 27.b4 Bxb4 28.c5 Ba3 29.Rc4 { ...1/2-1/2, Bauer
Christian 2625 - Stojanovic Mihajlo 2522 , Switzerland 27. 2.2005 Ch
Switzerland (team) 2005 } ) 10.Nc3 Bb7 { ? } ( 10...Nh5 11.Bd2 Ba6 12.Qa4 Bxc4
13.b3 Bb5 14.Nxb5 cxb5 15.Qxb5 a6 16.Qd3 Qc7 17.Rfc1 Qb7 18.Rc3 Bb4 19.Rc2
Bxd2 20.Nxd2 Rfc8 21.Rac1 Nhf6 22.e4 a5 23.exd5 Nxd5 24.Bxd5 exd5 25.Qb5 Rxc2
26.Rxc2 Nf6 27.Rc6 Rb8 28.Nf3 Qd7 29.Ne5 Qd8 30.a4 { ...1-0, Dunis Aurelien
2504 - Olivier Jean-Christophe 2376 , France 20. 1.2007 Ch France (team)
(nat.2) 2006/07 } ) 11.Rfd1 ( 11.Rac1 a6 12.Rfd1 Rc8 13.c5 Ba8 14.Na4 bxc5
15.Nxc5 Nxc5 16.dxc5 Qa5 17.Bd2 Qc7 18.Qa3 Nd7 19.Ba5 Qa7 20.b4 f5 21.Nd4 e5
22.Nxc6 Bxc6 23.Bxd5+ Kh8 24.Bxc6 Rxc6 25.Qd3 Nb8 26.a4 f4 27.Qd5 fxg3 28.hxg3
Rcf6 29.Bb6 Rxb6 30.cxb6 Qxb6 { ...1-0, Piket Jeroen 2649 - Tiviakov Sergei
2608 , Rotterdam 2000 Ch Netherlands } ) 11...Nh5 12.Bd2 { +0.18 CAP } (
12.Be3 Nhf6 13.Bf4 Nh5 14.Be3 f5 15.cxd5 exd5 16.Ne5 Kh8 17.f4 Nhf6 18.a4 a5
19.Bh3 g6 20.Rac1 Rc8 21.Bg2 Nb8 22.Rc2 Na6 { 1/2-1/2, Kern Guido 2352 -
Schandorff Lars 2534 , Germany 18.11.2006 Bundesliga 2006/07 } ) ( 12.Rac1
Nxf4 13.gxf4 Bd6 14.e3 Qe7 15.Ne5 Rac8 16.Qa4 Nxe5 17.fxe5 Bb8 18.f4 f6 19.Ne2
Kh8 20.Rc3 g5 21.cxd5 exd5 22.Qc2 c5 23.dxc5 bxc5 24.Bxd5 gxf4 25.exf4 fxe5
26.Bxb7 Qxb7 27.f5 e4 28.Rxc5 Qb6 29.b4 Rxf5 30.Kh1 Rcxc5 31.bxc5 Rxc5 {
...1/2-1/2, Piket Jeroen 2649 - Sargissian Gabriel 2519 , Ohrid 2001 Ch Europe
} ) ( 12.Ne5 Nxe5 13.dxe5 Nxf4 14.gxf4 f5 15.e3 Kh8 16.Ne2 Rg8 17.Nd4 Qd7
18.cxd5 cxd5 19.Kh1 Rac8 20.Qd3 Rc5 21.Qe2 a5 22.a3 Bc8 23.b4 Rc7 24.Rdb1 Rc4
25.Qd2 Bd8 26.h3 Qe7 27.bxa5 bxa5 28.Rb8 Bc7 29.Ra8 a4 30.Qb2 g5 31.Ne2 gxf4 {
...0-1, Al Sayed Mohamad N 2486 - Pashikian Arman 2556 , Moscow 16. 2.2008 It
(open) "Aeroflot" } ) 12...f5 { N } ( 12...Nhf6 13.cxd5 ( 13.Rac1 dxc4 14.Qxc4
b5 15.Qd3 Qb6 16.Bg5 Rfd8 17.Ne4 c5 18.Bxf6 gxf6 19.Qe3 cxd4 20.Qxd4 Rab8
21.Qxb6 { 1/2-1/2, Graf Alexander 2601 - Nogueiras Jesus 2554 , Merida
17.12.2006 Memorial C.Torre (open) } ) ( 13.Ne1 c5 14.cxd5 cxd4 15.d6 Bxd6
16.Bxb7 Nc5 17.Qc4 Nxb7 18.Qxd4 Bc5 19.Qh4 Qd4 20.Qxd4 Bxd4 21.Nd3 Nc5 22.Nxc5
Bxc5 23.Bg5 Rfd8 24.Nb5 a5 25.Rd3 Rxd3 26.exd3 Rd8 27.Bxf6 gxf6 28.Rd1 e5
29.Kf1 f5 30.Ke2 Kg7 31.Rc1 Kg6 32.Rc4 { ...1-0, Knezevic Milorad_ 2400 -
Rakay Kvetoslav 2114 , Stary Smokovec 1975 It } ) 13...cxd5 14.Rdc1 a6 15.a4
Ne4 16.Bf4 Nd6 17.Bxd6 Bxd6 18.e3 Nb8 19.Ne5 Bxe5 20.dxe5 Nc6 21.f4 Na5 22.Qd1
Qe7 23.Ne2 Rac8 24.Nd4 Qb4 25.b3 Rc3 26.Rxc3 Qxc3 27.Kf2 Qb2+ 28.Kg1 Rc8
29.Rb1 Qc3 30.Kf2 g6 31.Qe1 Qc7 32.Qd2 { ...1/2-1/2, Vilela Jose Luis 2396 -
Tiviakov Sergei 2617 , Solsona 2003 It (open) } ) ( 12...Rc8 13.Rac1 Nhf6
14.cxd5 exd5 15.Bf4 { 1/2-1/2, Raetsky Alexander 2455 - Kuporosov Viktor 2510
, Seefeld 1996 It (open) } ) ( 12...Qc7 13.Rac1 Rac8 14.cxd5 cxd5 15.Nb5 Qb8
16.Bb4 Bxb4 17.Qxb4 Rxc1 18.Rxc1 Rc8 19.Rxc8+ Qxc8 20.Nxa7 Qc1+ 21.Ne1 Ba6
22.Kf1 Nhf6 23.Nb5 Qd1 24.Nc3 Qd2 25.Bf3 h6 26.Nxd5 Qd1 27.Nxf6+ Nxf6 28.Qxb6
{ 1-0, Prudnikova Svetlana 2362 - Senk Ivana, Vrnjacka Banja 19.10.2005 Ch SCG
(team) (First League) (w) } ) 13.cxd5 cxd5 14.Rac1 Rc8 15.Ne5 Nxe5 16.dxe5 Qd7
17.Bf3 g6 18.Nb5 Bc6 19.a4 a6 20.Nc3 Bc5 21.a5 bxa5 22.Qa2 Bb6 23.b3 Bc7
24.Bxh5 gxh5 25.Bf4 d4 26.Na4 Qd5 27.f3 Bxa4 28.Qxa4 Bb6 29.Kg2 Qb5 30.Qa2 Kf7
31.Rd3 { ?! } ( 31.Kh3 { !? } 31...Rfe8 32.Rc4 Rxc4 33.bxc4 Qc6 34.Rc1 Rc8
35.Kh4 Kg6 36.c5 { } ) 31...Rxc1 32.Bxc1 Qxe5 33.Qd2 h4 34.Bb2 hxg3 35.Bxd4
Bxd4 36.Rxd4 gxh2 37.Rd7+ Kg6 38.f4 Qc5 39.e3 Rc8 40.Rd6 Kf6 41.Kxh2 Qc2
42.Qxc2 Rxc2+ 43.Kg3 Rc3 44.Rxa6 Rxe3+ 45.Kf2 Rxb3 46.Rxa5 h5 47.Ra8 h4 48.Kg2
h3+ 49.Kh2 Rf3 50.Ra4 Kg6 51.Ra6 Re3 52.Ra8 Kh5 53.Rg8 Kh4 54.Rg6 Re4 55.Kh1
Kh5 { } {#R} 0-1